Managing and using information systems / (Record no. 573)

MARC details
000 -LEADER
fixed length control field 00691nam a2200217 a 4500
001 - CONTROL NUMBER
control field 573
005 - DATE AND TIME OF LATEST TRANSACTION
control field 20221127085954.0
008 - FIXED-LENGTH DATA ELEMENTS--GENERAL INFORMATION
fixed length control field 050920s lxxua | 00100 eng d
020 ## - INTERNATIONAL STANDARD BOOK NUMBER
International Standard Book Number 0471346446 :
Terms of availability SR171.00
035 ## - SYSTEM CONTROL NUMBER
System control number 586
082 04 - DEWEY DECIMAL CLASSIFICATION NUMBER
Classification number 658.4038
Item number P316 2004
100 1# - MAIN ENTRY--PERSONAL NAME
Personal name Pearlson, Keri E.
245 10 - TITLE STATEMENT
Title Managing and using information systems /
Statement of responsibility, etc. Keri E. Pearlson, Carol Saunders.
250 ## - EDITION STATEMENT
Edition statement 2nd ed.
260 ## - PUBLICATION, DISTRIBUTION, ETC.
Place of publication, distribution, etc. Hoboken, NJ :
Name of publisher, distributor, etc. John Wiley,
Date of publication, distribution, etc. 2004.
300 ## - PHYSICAL DESCRIPTION
Extent xxik, 345 p. :
Other physical details ill. ;
Dimensions 23 cm.
504 ## - BIBLIOGRAPHY, ETC. NOTE
Bibliography, etc. note Includes bibl. references and index.
650 #4 - SUBJECT ADDED ENTRY--TOPICAL TERM
Topical term or geographic name entry element Management information systems.
650 #4 - SUBJECT ADDED ENTRY--TOPICAL TERM
Topical term or geographic name entry element Information technology
General subdivision Management.
700 1# - ADDED ENTRY--PERSONAL NAME
Personal name Saunders, Carol S.,
Relator term jt. auth.
Holdings
Withdrawn status Lost status Source of classification or shelving scheme Damaged status Not for loan Home library Current library Date acquired Total Checkouts Full call number Barcode Date last seen Copy number Price effective from Koha item type
          CENTRAL CENTRAL 11/27/2022   658.4038 P316 2004 1000000001586 11/27/2022 C2 11/27/2022 Book
          KHOBAR KHOBAR 11/27/2022   658.4038 P316 2004 1000000001585 11/27/2022 C1 11/27/2022 Book